000 00967nam a2200265Ia 4500
003 OSt
005 20221005111708.0
006 a|||||r|||| 00| 0
007 ta
008 221004b |||||||| |||| 00| 0 hin d
020 _a9789380916873 (hbk)
_c200
024 _a12708
037 _b271, 03/03/2014, Vani Prakashan
_cTextual
040 _aCRL
_cCRL
_bhin
041 _2hin
_ahin
082 _aO1526,1(Y:351)w, 152Q3
100 _aशर्मा, पूर्णचंद
245 0 _aलोकरंगमंच के आयाम
246 _aLokarangamancha ke āyāma
260 _aबिजनौर
_bहिंदी साहित्य निकेतन भारत
_c2013
300 _a151पृ0
_ccm.
650 _aहिन्दी साहित्य
942 _hO1526,1(Y:351)w, 152Q3
_cTEXL
_2cc
999 _c1022615
_d1022615